|
|
|
|
| LEADER |
01192nam a2200313 a 4500 |
| 001 |
000067038 |
| 003 |
CZ BrMZK |
| 005 |
20211115084345.0 |
| 007 |
ta |
| 008 |
950313s1996 xr g j cze d |
| 015 |
|
|
|a cnb000148119
|
| 035 |
|
|
|a (OCoLC)36508883
|
| 040 |
|
|
|a BOA001
|b cze
|
| 072 |
|
7 |
|a 821-31/-34
|x Milostná, dobrodružná, fantastická próza
|2 Konspekt
|9 25
|
| 080 |
|
|
|a 821-322.4
|2 MRF
|
| 080 |
|
|
|a (0:82-322.4)
|2 MRF
|
| 100 |
1 |
|
|a Dark, Jason,
|d 1945-
|7 jn20000810032
|4 aut
|
| 245 |
1 |
0 |
|a Diskotéka upírů /
|c Jason Dark ; [překlad Pavel Sychra].
|
| 260 |
|
|
|a Brno :
|b MOBA,
|c 1996
|
| 300 |
|
|
|a 64 s. ;
|c 23 cm
|
| 490 |
1 |
|
|a Na stopě hrůzy John Sinclair ;
|v 51 (8/96)
|
| 500 |
|
|
|a Dostupné též v digitální podobě v aplikaci Kramerius
|
| 655 |
|
7 |
|a horory (povídky)
|7 fd132417
|2 czenas
|
| 700 |
1 |
|
|a Sychra, Pavel
|7 jx20031204025
|4 trl
|
| 830 |
|
0 |
|a Na stopě hrůzy John Sinclair
|0 s
|
| 856 |
4 |
1 |
|u http://www.digitalniknihovna.cz/mzk/uuid/uuid:9c086900-feda-11e4-9d6f-005056827e51
|y Digitalizovaný dokument
|x NDK
|
| 910 |
|
|
|a BOA001
|b 2-1021.113
|
| 990 |
|
|
|a BK
|
| 996 |
6 |
|
|b 2610037197
|c 2-1021.113
|l MZK
|r Sklad / do 1 hodiny
|n 6
|p p.v.
|w 000067038
|u 000010
|a 1
|e BOA001
|j MZK50
|s P
|